Land vs. Land #72 - Statistiken

Allgemein
  • Dieses Quiz wurde 35 mal gespielt
  • Das Durchschnittsergebnis liegt bei 12 aus 14
Antwortstatistiken
Frage Antwort % Korrekt
...Fläche? Argentinien🇦🇷
100%
...Bruttoinlandsprodukt pro Kopf? Deutschland🇩🇪
97%
...Gesundheitswesen? Deutschland🇩🇪
97%
...Gewinner? Deutschland🇩🇪
97%
...Bruttoinlandsprodukt? Deutschland🇩🇪
94%
...durchschnittlicher IQ? Deutschland🇩🇪
94%
...Lebenserwartung? Deutschland🇩🇪
91%
...Einwohner? Deutschland🇩🇪
82%
...Tourismus? Deutschland🇩🇪
82%
...HDI (Human Development Index)? Deutschland🇩🇪
82%
...Exportmengen? Deutschland🇩🇪
76%
...Militär? Deutschland🇩🇪
67%
...Frieden? Deutschland🇩🇪
67%
...Happy Planet Index? Argentinien🇦🇷
42%
Keine übereinstimmenden Quizze gefunden
Verteilung der Resultate
Anzahl Personen mit jedem Resultat
Perzentil nach korrekt beantworteten Fragen
Ihre Resultats-Entwicklung
Sie haben dieses Quiz noch nicht gespielt